| 000 | 00692nam a2200217 a 4500 | ||
|---|---|---|---|
| 003 | MX-MxUPN | ||
| 005 | 20230602103949.0 | ||
| 008 | 230602s1938 mx a||||r|||| 000 0 spa d | ||
| 040 |
_aMX-MxUPN _bspa _cMX-MxUPN |
||
| 041 | 0 | _aspa | |
| 050 | 1 | 4 |
_aLB1573 M63 _bD42 1938 |
| 100 | 1 |
_aDelgadillo, Daniel, _d1872-1933 _928068 |
|
| 245 | 1 | 1 |
_a¡Adelante! : _blibro tercero / _cDaniel Delgadillo. |
| 250 | _aVigesimatercera edición. | ||
| 260 |
_aMéxico : _bHerrero Hermanos Sucesores, _c1938. |
||
| 300 |
_a238 páginas : _bilustraciones |
||
| 490 | 0 | _aPara aprender a leer | |
| 650 | 4 |
_aLectura _xEstudio y enseñanza (Elemental) _92805 |
|
| 902 | _aVíctor Ruiz/020623 | ||
| 942 |
_2lcc _cLIBRO |
||
| 999 |
_c209732 _d209732 |
||